Culpa y responsabilidad
Αποθηκεύτηκε σε:
| Κύριοι συγγραφείς: | , |
|---|---|
| Μορφή: | Βιβλίο |
| Γλώσσα: | Ισπανικά |
| Έκδοση: |
Pamplona
Aranzadi
2017
|
| Έκδοση: | 1a. ed |
| Θέματα: | |
| Ετικέτες: |
Προσθήκη ετικέτας
Δεν υπάρχουν, Καταχωρήστε ετικέτα πρώτοι!
|
MARC
| LEADER | 00000cam a2200000 a 4500 | ||
|---|---|---|---|
| 001 | UCC4147 | ||
| 003 | CL-VaPUC | ||
| 008 | 180713e20170000sp |||||||||||||||||spa|d | ||
| 020 | |a 9788491526711 | ||
| 082 | 0 | 4 | |a 345.02 |b PRA |2 21 |
| 100 | 0 | |a Prats Albentosa, Lorenzo |e author |9 598290 | |
| 700 | 0 | |a Tomás Martínez, Gema |e author |9 598291 | |
| 245 | 1 | 0 | |a Culpa y responsabilidad |
| 250 | |a 1a. ed | ||
| 300 | |a 1020 p | ||
| 942 | |c BK | ||
| 945 | |d 20180713 16:22:00 |a dcastane | ||
| 260 | |a Pamplona |b Aranzadi |c 2017 | ||
| 650 | 7 | |a DERECHO PENAL |2 CL-VaPUC |9 11 | |
| 650 | 7 | |a CULPA |2 CL-VaPUC |9 372629 | |
| 650 | 7 | |a RESPONSABILIDAD LEGAL |2 CL-VaPUC |9 256236 | |
| 650 | 0 | |a Responsabilidad penal |9 254899 | |
| 583 | |a last modification |c 20180713 16:22:00 |k Rodrigo Vera | ||
| 999 | |c 371729 |d 371727 | ||
| 952 | |0 0 |1 0 |3 erd |4 0 |6 345_020000000000000_PRA_2017 |7 0 |8 A |9 488844 |a BIBDER |b BIBDER |i 5480752 |o 345.02 PRA 2017 |p 5480752 |r 2019-11-24 |w 2019-11-24 |y BK |z Catalogado en:20180713 |k DER | ||